000 01326 a2200229 4500
003 MN-UlNLM
005 20220628115954.0
008 a130t2013 mp ||||| |||| 00| 0 mon d
040 _aМонгол Улсын Үндэсний номын сан
084 _a84(0)
_2NNA
_bУ 609
_q84
110 _aТоп Инфо Ти Ви
245 1 _aУхаарахуй
_bСургамжит өгүүллэгүүд
_cОрч. Т.Ундармаа, Л.Мөнхжаргал
_cРед. Б.Энхтуяа
260 1 _c2013
_aУБ
_bУлаанбаатар принт.
300 _a97х
_bЗур.
490 _v1
546 _aMongolia
653 _aУран зохиол
_aӨгүүллэгүүд
740 _aХэцүү асуулт.
_aХүний биеийн хамгийн чухал хэсэг нь юу вэ?
_aБурханы эхнэр.
_aҮр ургуулагч.
_aЭэжийн минь найман худал үг.
_aЧулуун шөл.
_aЗавгүй.
_aГал тогоон дахь газрын зураг.
_aБяцхан ургийн өдрийн тэмдэглэл.
_aХүн чанарын хэмжигдхүүн.
_aЗүрхний сорви.
_aХайрлана гэдэг өмчлөх сэтгэл биш.
_aЧонын бэлтрэг ч цагаан сүү амсаж өсдөг.
856 _aprintbook
942 _cBK
999 _c72477
_d72477